00391nam a2200157Ia 4500001000500000005001700005008004100022041000800063082001500071100003300086245006100119260000900180300002800189650000800217654000800225310920260306144856.0260306t2003||||xx |||||||||||||| ||spa|| aESP a254.9bC78 aCorral Salvador, CarloseAUT 0aLa relación entre la iglesia y la comunidad política c2003 a440 páginas :c20 cm. aGEN aCHU